LDR 00933naa#a2200193#i#450# 001 RU\\bibl\126645 005 20260703143306.5 011 ## _a2587-6740 100 ## _a20260615b2026####ek#y0rusy0150####ca 102 ## _aRU 200 1# _aПродуктивность травосмесей сенокосных трав в Нечерноземье _eЖурнальная статья 210 1# _aМосква _cЭлектронная наука _d2026 215 ## _a3 с. 608 ## _aЖурнальная статья _2local 675 ## _aОбщие вопросы сельского хозяйства. 631 _aКормовые травы. Луговые травы. 633.2 _aПрочие кормовые растения. 633.3 _z 700 #1 _aВагунин _gДмитрий Александрович 700 #1 _aИванова _gНадежда Николаевна 700 #1 _aПавлючик _gЕкатерина Николаевна 856 4# _aqje.su _u